LIBRARY ONLINE CATALOGUE

Developing your theoretical orientation in counseling and psychotherapy / (Record no. 8390)

MARC details
000 -LEADER
fixed length control field 00736nam a22002292 4500
001 - CONTROL NUMBER
control field 0000012957
005 - DATE AND TIME OF LATEST TRANSACTION
control field 20151217152118.0
008 - FIXED-LENGTH DATA ELEMENTS--GENERAL INFORMATION
fixed length control field 090513s xx 000 0 eng d
020 ## - INTERNATIONAL STANDARD BOOK NUMBER
International Standard Book Number 0205396771 :
040 ## - CATALOGING SOURCE
Original cataloging agency KABU
Transcribing agency KABU
100 1# - MAIN ENTRY--PERSONAL NAME
Personal name Halbur, Duane.
-- 0000169988
245 10 - TITLE STATEMENT
Title Developing your theoretical orientation in counseling and psychotherapy /
Statement of responsibility, etc. Duane Halbur, Kimberly Vess Halbur.
250 ## - EDITION STATEMENT
Edition statement 1st ed.
260 ## - PUBLICATION, DISTRIBUTION, ETC. (IMPRINT)
Place of publication, distribution, etc. Boston :
Name of publisher, distributor, etc. Pearson,
Date of publication, distribution, etc. 2006.
300 ## - PHYSICAL DESCRIPTION
Extent xii, 104 p.
650 #0 - SUBJECT ADDED ENTRY--TOPICAL TERM
Topical term or geographic name as entry element Psychology
General subdivision Philosophy.
-- 0000169989
650 #0 - SUBJECT ADDED ENTRY--TOPICAL TERM
Topical term or geographic name as entry element Psychotherapy.
-- 0000082185
700 1# - ADDED ENTRY--PERSONAL NAME
Personal name Halbur, Kimberly Vess.
-- 0000169990
852 1# - LOCATION
-- p1395 KES
908 ## - PUT COMMAND PARAMETER (RLIN)
Put command parameter 090513
950 ## - LOCAL HOLDINGS (RLIN)
-- 1
Holdings
Withdrawn status Lost status Source of classification or shelving scheme Not for loan Home library Current library Date acquired Total Checkouts Full call number Barcode Date last seen Date last checked out Price effective from Koha item type
    Library of Congress Classification   Kabarak, Main Campus Kabarak, Main Campus 17/12/2015 3 BF38 .H35 2006 c. 1 17520 02/08/2024 09/03/2023 17/12/2015 General Collection